[Event "HUN-chT"]
[Site "HUN"]
[Date "1992.??.??"]
[Round "?"]
[White "Soos, Arpad"]
[Black "Orso, Miklos"]
[Result "0-1"]
[WhiteElo "2315"]
[BlackElo "2380"]

1.e4 c5 2.Nf3 d6 3.d4 cxd4 4.Nxd4 Nf6 5.Nc3 a6 6.Be3 Ng4 7.Bg5 h6 8.Bh4 g5
9.Bg3 Bg7 10.Be2 h5 11.h3 h4 12.hxg4 hxg3 13.Rxh8+ Bxh8 14.fxg3 Nc6 15.Nf3 Bxc3+
16.bxc3 Qa5 17.Qd2 f6 18.Nd4 Ne5 19.Nb3 Qc7 20.O-O-O Be6 21.Qe3 Rc8 22.Nd4 Bxa2
23.Rh1 Bf7 24.Kd2 Kd7 25.Rh7 Qc5 26.Rg7 Rg8 27.Rh7 Bg6 28.Rh1 Rc8 29.Rb1 Rc7
30.Rh1 Nc6 31.Bd3 Nd8 32.Rh8 Nf7 33.Rg8 Qxc3+ 34.Ke2 Ne5 35.Rxg6 Nxg6 36.Qf2 Qc5
37.Kf1 Kc8  0-1

[Event "HUN-chT"]
[Site "HUN"]
[Date "1992.??.??"]
[Round "7"]
[White "Szalanczy, Emil"]
[Black "Dobos, Jozsef"]
[Result "1/2-1/2"]
[WhiteElo "2420"]
[BlackElo "2365"]

1.e4 c5 2.Nf3 a6 3.Nc3 d6 4.d4 cxd4 5.Nxd4 Nf6 6.Be3 e5 7.Nb3 Be6 8.Qd2 Nbd7
9.O-O-O b5 10.f3 b4 11.Nd5 Bxd5 12.exd5 Rb8 13.Bxa6 g6 14.Kb1 Bg7 15.Nc1 O-O
16.Bc4 Qc7 17.Bb3 Rfc8 18.Nd3 Qb7 19.Nf2 Nc5 20.Bxc5 Rxc5 21.Ne4 Nxe4 22.fxe4 Ra8
23.Rc1 Rac8 24.Rhf1 h5 25.Rf3 R8c7 26.Rcf1 Qb8 27.h3 Re7 28.g4 hxg4 29.hxg4 Ra5
30.c4 Qb6 31.g5 Rb7 32.Rh1 Qd4 33.Qe2 Kf8 34.Rd3 Qb6 35.Qf1 Rba7 36.Rh7 Qd8
37.Qg1 Ke7 38.Rdh3 Bf8 39.Qf2 Ke8 40.Qd2 Qb6 41.Qe3 Qxe3 42.Rxe3 f6 43.Rxa7 Rxa7
44.gxf6 Kf7 45.Rf3 Ra5 46.Bd1 Bh6 47.Be2 Bf4 48.Rb3 Ra4 49.Bg4 Kxf6 50.Bd7 Ra7
51.Be6 Ra4 52.Rh3 Ra7 53.Kc2 Rxa2 54.Kb3 Ra8 55.Kxb4 Bd2+ 56.Kb5 Kg5 57.Kc6 Bb4
58.Rb3 Bc5 59.Rb7 Ra6+ 60.Kd7 Ra4 61.b3 Rb4 62.Rb5 Kf4 63.Kc6  1/2-1/2

[Event "ISR-ch"]
[Site "ISR"]
[Date "1992.??.??"]
[Round "6"]
[White "Tseitlin, Mark D"]
[Black "Gruenfeld, Yehuda"]
[Result "1/2-1/2"]
[WhiteElo "2450"]
[BlackElo "2510"]

1.e4 c5 2.Nf3 d6 3.d4 cxd4 4.Nxd4 Nf6 5.Nc3 a6 6.Be3 e5 7.Nb3 Be6 8.f4 Ng4
9.Bd2 Qb6 10.Qf3 exf4 11.Qxf4 g6 12.Nd5 Bxd5 13.exd5 h5 14.h3 Ne5 15.Ba5 Qa7
16.Qf6 b6 17.Qxh8 bxa5 18.Qf6 a4 19.Nd2 Qd4 20.Qf2 Qxb2 21.Rd1 Qxc2 22.Qe3 Nd7
23.Be2 Qc5  1/2-1/2

[Event "Karvina op"]
[Site "Karvina"]
[Date "1992.??.??"]
[Round "1"]
[White "Sikora Lerch, Jan"]
[Black "Kaiumov, Dmitry D"]
[Result "0-1"]
[WhiteElo "2395"]
[BlackElo "2385"]

1.e4 c5 2.Nf3 d6 3.d4 cxd4 4.Nxd4 Nf6 5.Nc3 a6 6.Be3 e5 7.Nb3 Be6 8.Qd2 Nbd7
9.f3 b5 10.g4 h6 11.O-O-O Nb6 12.Qf2 Nfd7 13.Kb1 Rc8 14.h4 Rxc3 15.bxc3 Na4
16.Bd2 Qc7 17.f4 Bxg4 18.Re1 exf4 19.Qxf4 Ne5 20.Bh3 h5 21.Re3 Be7 22.Nd4 Nc4
23.Rd3 Bf6 24.Bxg4 hxg4 25.Be1 b4 26.e5 dxe5 27.Qe4 O-O 28.Nf5 bxc3 29.Kc1 Qc5  0-1

[Event "Katerini op"]
[Site "Katerini"]
[Date "1992.??.??"]
[Round "?"]
[White "Tolnai, Tibor"]
[Black "Rytshagov, Mikhail"]
[Result "1/2-1/2"]
[WhiteElo "2495"]
[BlackElo "2385"]

1.e4 c5 2.Nf3 d6 3.d4 Nf6 4.Nc3 cxd4 5.Nxd4 a6 6.Be3 e6 7.g4 h6 8.Bg2 e5
9.Nf5 g6 10.Qe2 gxf5 11.exf5 Rg8 12.h3 Bd7 13.O-O-O Bc6 14.f4 Nbd7 15.Bxc6 bxc6
16.g5 hxg5 17.fxg5 Nd5 18.Nxd5 cxd5 19.h4 Qa5 20.Kb1 Qb4 21.Rxd5 Qe4 22.Rdd1 Qxf5
23.Qc4 Be7 24.Qc6 Rd8 25.h5 Bxg5 26.Bb6 Rb8 27.Ba7 Rd8 28.Bb6 Rb8 29.Ba7 Rd8  1/2-1/2

[Event "Katowice op"]
[Site "Katowice"]
[Date "1992.??.??"]
[Round "1"]
[White "Glek, Igor V"]
[Black "Ocytko, Andrzej"]
[Result "0-1"]
[WhiteElo "2515"]
[BlackElo "2270"]

1.e4 c5 2.Nf3 d6 3.d4 cxd4 4.Nxd4 Nf6 5.Nc3 a6 6.Be3 e5 7.Nb3 Be6 8.f4 exf4
9.Bxf4 Nc6 10.Qd2 Be7 11.O-O-O Ne5 12.Nd4 Qd7 13.h3 O-O 14.g4 b5 15.Nf5 b4
16.Nd5 Nxd5 17.Nxe7+ Nxe7 18.Bxe5 Qa4 19.Qxd6 Ng6 20.b3 Qa5 21.Bd4 Rfd8 22.Qb6 Qxa2
23.Qxb4 Rac8 24.Bc3 Rxd1+ 25.Kxd1 Qb1+ 26.Kd2 Rd8+ 27.Ke3 Qxc2 28.Bd2 a5
29.Qc3 Bxb3 30.Qxc2 Bxc2 31.Bxa5 Re8 32.Bd3 Bxd3 33.Kxd3 Ne5+ 34.Kc3 Nc6
35.Bb6 Rxe4 36.Rd1 h6 37.Rd6 Re6 38.Rxe6 fxe6  0-1

[Event "Katowice op"]
[Site "Katowice"]
[Date "1992.??.??"]
[Round "7"]
[White "Mnatsakanian, Eduard A"]
[Black "Vaulin, Alexander"]
[Result "0-1"]
[WhiteElo "2415"]
[BlackElo "2520"]

1.e4 c5 2.Nf3 d6 3.d4 cxd4 4.Nxd4 Nf6 5.Nc3 a6 6.Be3 e5 7.Nb3 Be6 8.Qd2 Be7
9.f3 Nbd7 10.g4 O-O 11.O-O-O b5 12.g5 b4 13.Na4 Nh5 14.Qxb4 d5 15.Qa5 Bxg5
16.Bxg5 Qxg5+ 17.Kb1 dxe4 18.fxe4 Nf4 19.Bd3 Rfc8 20.Rhg1 Qe7 21.Rg3 g6 22.Bf1 Qh4
23.Rc3 Qxh2 24.Rxc8+ Rxc8 25.Nc3 Bg4 26.Rc1 Ra8 27.Nc5 Nxc5 28.Qxc5 Ne6 29.Qe7 Qf2
30.Nd5 Kg7 31.Qd6 Qd4 32.Bd3 Ra7 33.Rf1 h5 34.Qb8 f5 35.exf5 gxf5 36.Qd6 e4
37.Bxa6 Rxa6 38.Qe7+ Kg6 39.Qe8+ Kg7 40.Qe7+ Kh6 41.Nf6 Kg6  0-1

[Event "Kecskemet2"]
[Site "Kecskemet"]
[Date "1992.??.??"]
[Round "2"]
[White "Szalanczy, Emil"]
[Black "Vaulin, Alexander"]
[Result "0-1"]
[WhiteElo "2370"]
[BlackElo "2515"]

1.e4 c5 2.Nf3 d6 3.d4 cxd4 4.Nxd4 Nf6 5.Nc3 a6 6.Be3 e5 7.Nb3 Be7 8.f3 Be6
9.Nd5 Nxd5 10.exd5 Bf5 11.Bd3 Bxd3 12.Qxd3 Nd7 13.O-O-O Bg5 14.Kb1 Bxe3 15.Qxe3 O-O
16.Rhe1 Rc8 17.Qf2 a5 18.a3 b5 19.Qd2 Ra8 20.Re3 a4 21.Nc1 Nb6 22.Qb4 Nc4
23.Re4 f5 24.Rxc4 bxc4 25.Qxc4 Qg5 26.g3 Qh5 27.Qe2 Ra5 28.Rd2 Rc8 29.Na2 Re8
30.Nb4 e4 31.fxe4 Qxe2 32.Rxe2 fxe4 33.c3 Ra7 34.Nc6 Rf7 35.Nd4 e3 36.Kc2 Rf2
37.Kd3 Rxe2 38.Nxe2 Rb8 39.Kc2 Kf7 40.Nd4 Kf6 41.c4 h5 42.Nb5 Ke5 43.Kd3 g5
44.Kxe3 g4 45.Kd3 Rf8 46.Ke2 Rc8 47.Kd3 Rf8 48.Ke2 Rf3 49.Nc3 Kd4 50.Nxa4 Kxc4
51.Nc3 Rf8 52.Ke3 Rf3+ 53.Ke2 Rf8 54.Ke3 Rf3+ 55.Ke2 Kd4 56.a4 Kc5 57.a5 Rf8
58.Ke3 Ra8 59.b4+ Kxb4 60.Ne4 Rxa5 61.Kd4 Ra6 62.Nf6 Ra2 63.Nxh5 Rxh2 64.Nf4 Rh3
65.Ne2 Rh1 66.Nf4 Rg1 67.Nd3+ Kb3 68.Nf2 Rxg3 69.Ne4 Rf3 70.Nxd6 g3 71.Ne4 Rf4  0-1

[Event "Kecskemet3"]
[Site "Kecskemet"]
[Date "1992.??.??"]
[Round "9"]
[White "Szalanczy, Emil"]
[Black "Vaulin, Alexander"]
[Result "0-1"]
[WhiteElo "2420"]
[BlackElo "2520"]

1.e4 c5 2.Nf3 d6 3.d4 cxd4 4.Nxd4 Nf6 5.Nc3 a6 6.Be3 e5 7.Nb3 Be7 8.f3 O-O
9.Qd2 Be6 10.O-O-O Nbd7 11.g4 b5 12.h4 Nb6 13.Qf2 Nc4 14.Bxc4 bxc4 15.Nc5 Qc7
16.N5a4 Rab8 17.h5 Qc6 18.Nb6 Bd8 19.g5 Ne8 20.Nbd5 f5 21.gxf6 Nxf6 22.Nxf6+ Bxf6
23.Nd5 Bxd5 24.Rxd5 Rf7 25.Bd2 Be7 26.Qg2 Qb6 27.b4 cxb3 28.axb3 Bf8 29.Kb2 Qc6
30.Ra1 Rb5 31.Ra5 Rxd5 32.exd5 Qb6 33.Qe2 Qd4+ 34.Bc3 Qh4 35.h6 Qxh6 36.Rxa6 Qh3
37.b4 h5 38.b5 h4 39.b6 Qc8 40.Ra4 Qc5 41.Qa6 h3 42.b7 Qc7 43.Rb4 Qb8 44.Kc1 Rxb7
45.Rxb7 Qxb7 46.Qxb7 h2 47.Kb2 h1=Q 48.Bxe5 dxe5 49.d6 Qh4 50.Qd5+ Kh7 51.Kb3 Qd4
52.Qxd4 exd4 53.d7 Be7 54.Kc4 Bf6 55.d8=Q Bxd8 56.Kxd4 Kg6 57.Ke4 Kg5 58.c4 Bc7
59.c5 Bh2 60.c6 Bc7 61.Ke3 Kf5 62.Kd4 Kf4  0-1

[Event "JUG-ch"]
[Site "Kladovo"]
[Date "1992.??.??"]
[Round "8"]
[White "Smolovic, Mile"]
[Black "Ilincic, Zlatko"]
[Result "0-1"]
[WhiteElo "2340"]
[BlackElo "2445"]

1.e4 c5 2.Nf3 d6 3.d4 cxd4 4.Nxd4 Nf6 5.Nc3 a6 6.Be3 e6 7.Qd2 b5 8.f3 Nbd7
9.g4 Nb6 10.O-O-O Bb7 11.Qf2 Nfd7 12.Bd3 Rc8 13.Nce2 d5 14.Ng3 Na4 15.Rhe1 Bb4
16.Re2 O-O 17.f4 Ndc5 18.Nb3 Nxb2 19.Bxc5 Rxc5 20.Kxb2 Bc3+ 21.Kb1 d4 22.a3 b4
23.Ree1 Ra5 24.Ne2 Rxa3 25.Nxc3 bxc3 26.Bc4 Ra4 27.Qxd4 Qc7 28.Qxc3 Rxc4
29.Qd3 Rc8 30.Rd2 a5 31.Red1 h6 32.Qd7 Qxd7 33.Rxd7 Bxe4 34.Rd8+ Rxd8 35.Rxd8+ Kh7
36.Nxa5 Rxc2 37.Ka1 Bd5 38.Kb1 Rc5 39.Rd7 Rxa5 40.Rxf7 Kg8  0-1

[Event "JUG-ch"]
[Site "Kladovo"]
[Date "1992.??.??"]
[Round "11"]
[White "Nestorovic, Dejan"]
[Black "Kostic, Nebojsa"]
[Result "1/2-1/2"]
[WhiteElo "2335"]
[BlackElo "2385"]

1.e4 c5 2.Nf3 d6 3.d4 cxd4 4.Nxd4 Nf6 5.Nc3 a6 6.Be3 e5 7.Nb3 Nbd7 8.Qd2 Qc7
9.O-O-O b5 10.f3 Bb7 11.g4 Be7 12.g5 Nh5 13.Bh3 Nb6 14.Na5 Nc4 15.Nxc4 Qxc4
16.Bf1 Qc7 17.Nd5 Bxd5 18.Qxd5 Rc8 19.Rd2 O-O 20.Bh3 Rb8 21.Bg4 Nf4  1/2-1/2

[Event "JUG-ch"]
[Site "Kladovo"]
[Date "1992.??.??"]
[Round "13"]
[White "Ivanovic, Bozidar"]
[Black "Ilincic, Zlatko"]
[Result "1/2-1/2"]
[WhiteElo "2470"]
[BlackElo "2445"]

1.e4 c5 2.Nf3 d6 3.d4 cxd4 4.Nxd4 Nf6 5.Nc3 a6 6.Be3 e6 7.Be2 Qc7 8.f4 b5
9.O-O Bb7 10.f5 e5 11.Nb3 Nbd7 12.a3 Rc8 13.Bf3 Be7 14.Qe1  1/2-1/2

[Event "Kobanya op"]
[Site "Kobanya op"]
[Date "1992.??.??"]
[Round "2"]
[White "Pugachov, Alexey"]
[Black "Szekely, Peter"]
[Result "1-0"]
[WhiteElo "2355"]
[BlackElo "2450"]

1.e4 c5 2.Nf3 d6 3.d4 cxd4 4.Nxd4 Nf6 5.Nc3 a6 6.Be3 e6 7.Qd2 b5 8.f3 Nbd7
9.O-O-O Bb7 10.g4 h6 11.h4 Ne5 12.Be2 Qc7 13.g5 Nfd7 14.Kb1 Nb6 15.gxh6 Nec4
16.Bxc4 Nxc4 17.Qe2 gxh6 18.Bc1 O-O-O 19.b3 Ne5 20.Bb2 Be7 21.a4 bxa4 22.Nxa4 Kb8
23.Bc3 Nd7 24.Qd2 Qc8 25.Ba5 Rdg8 26.Qh2 Ka8 27.Rd3 Qb8 28.Rhd1 Rc8 29.Qf4 Rhf8
30.Qxh6 Bc6 31.Nxc6 Rxc6 32.Rc3 Rxc3 33.Bxc3 Qb5 34.Qf4 Qe2 35.Rxd6 e5 36.Qd2 Qf1+
37.Kb2 Bxd6 38.Qxd6  1-0

[Event "Kobanya op"]
[Site "Kobanya op"]
[Date "1992.??.??"]
[Round "8"]
[White "Varavin, Viktor"]
[Black "Pugachov, Alexey"]
[Result "1-0"]
[WhiteElo "2465"]
[BlackElo "2355"]

1.e4 c5 2.Nf3 d6 3.d4 cxd4 4.Nxd4 Nf6 5.Nc3 a6 6.Be3 e6 7.f3 Be7 8.g4 Nc6
9.Qd2 O-O 10.O-O-O Nxd4 11.Bxd4 b5 12.Kb1 Bb7 13.g5 Nd7 14.h4 Rc8 15.g6 b4
16.gxh7+ Kh8 17.Ne2 e5 18.Be3 f5 19.Qxb4 Ba8 20.Qd2 fxe4 21.f4 exf4 22.Nxf4 Rxf4
23.Bxf4 e3 24.Qxe3 Bxh1 25.Bxa6 Ra8 26.Bb5 Bb7 27.Bxd6 Bf6 28.Be7 Qa5 29.a4 Qb6
30.Qxb6 Nxb6 31.Bxf6 gxf6 32.Rd6 Nd5 33.Rd7 Rb8 34.Rf7 Nb4 35.c3 Be4+ 36.Kc1 Nd5
37.c4 Bg6 38.Rd7 Nb4 39.Kd2 f5 40.c5 Be8 41.Rd4 Bxb5 42.Rxb4 Rd8+ 43.Ke3 Bc6
44.a5 Rd5 45.Rb8+ Kxh7 46.b4 Rd1 47.a6 Rf1 48.b5 f4+ 49.Ke2 Rb1 50.Rb7+ Bxb7
51.axb7 Rxb5 52.c6 Rb2+ 53.Kf3 Rb3+ 54.Kxf4  1-0

[Event "Kobanya op"]
[Site "Kobanya op"]
[Date "1992.??.??"]
[Round "10"]
[White "Frolov, Artur"]
[Black "Poluljahov, Aleksandr"]
[Result "1/2-1/2"]
[WhiteElo "2495"]
[BlackElo "2425"]

1.e4 c5 2.Nf3 d6 3.d4 cxd4 4.Nxd4 Nf6 5.Nc3 a6 6.Be3 e6 7.f3 Nc6 8.g4 h6
9.Qd2 d5 10.exd5 Nxd5 11.Nxd5 Qxd5 12.Bg2 Nxd4 13.Qxd4 Qxd4 14.Bxd4 Bd7 15.f4 Rc8
16.O-O-O Bc6 17.Rhg1 Bd6 18.Bxc6+ Rxc6 19.Bxg7 Bxf4+ 20.Kb1 Rg8 21.Bf6 Rd6
22.h3 Rg6 23.Rxd6 Bxd6 24.Bd4 h5 25.gxh5 Rh6 26.Rg8+ Ke7 27.Rh8 Bf4 28.Rxh6 Bxh6
29.c4 f6 30.Bc5+ Kd7 31.Kc2 e5 32.Kd3 f5 33.b4 b5 34.Bg1 Kc6 35.Kc3 Bg7 36.Kb3 Bh6
37.h4 Bg7 38.Kc3 f4 39.cxb5+ axb5 40.Kc2 e4 41.Bc5 Kd5 42.Kd2 Ke6 43.Bb6 Kf5
44.Bd8 Kg4 45.Bg5 Kf3 46.h6 Be5 47.h5 Kg4 48.Be7 Kxh5 49.h7 Bb2 50.Bd6 f3
51.Ke3 Kg6 52.Bc5 Kxh7 53.Kxe4 Ba3 54.Kxf3 Bxb4  1/2-1/2

[Event "Kuopio op"]
[Site "Kuopio"]
[Date "1992.??.??"]
[Round "5"]
[White "Pulkkinen, Kari"]
[Black "Shneider, Aleksandr"]
[Result "0-1"]
[WhiteElo "2265"]
[BlackElo "2545"]

1.e4 c5 2.Nf3 d6 3.d4 cxd4 4.Nxd4 Nf6 5.Nc3 a6 6.Be3 e6 7.Be2 Qc7 8.O-O b5
9.f4 Bb7 10.Bf3 Nbd7 11.a3 Be7 12.Qe1 O-O 13.Qg3 Nc5 14.e5 dxe5 15.fxe5 Nfe4
16.Nxe4 Nxe4 17.Bxe4 Bxe4 18.h4 Bc5 19.h5 Bxd4 20.Bxd4 f5 21.c3 Qc6 22.Be3 Rad8
23.Rad1 Rd5 24.Rd4 Rxd4 25.Bxd4 Qc4 26.Rf2 Rf7 27.Rd2 f4 28.Qh4 h6 29.Qd8+ Rf8
30.Qe7 Bd5 31.Bc5 Rc8 32.Bd4 Qc6 33.Rf2 Rf8 34.Qh4 f3 35.gxf3 Bxf3 36.Be3 Kh7
37.Rd2 Rf5 38.Rd6 Qe8 39.Rxa6 Rxh5 40.Qg3 Rh1+ 41.Kf2 Qh5 42.Ra7 Rh2+ 43.Kf1 Be2+
44.Ke1 Bg4 45.Bf2 Rh1+ 46.Bg1 Qf5  0-1

[Event "Linares NL"]
[Site "Linares"]
[Date "1992.??.??"]
[Round "?"]
[White "Sisniega, Marcel"]
[Black "Sunye Neto, Jaime"]
[Result "1/2-1/2"]
[WhiteElo "2500"]
[BlackElo "2495"]

1.e4 c5 2.Nf3 d6 3.d4 cxd4 4.Nxd4 Nf6 5.Nc3 a6 6.Be3 e5 7.Nb3 Be7 8.f3 Be6
9.Qd2 Nbd7 10.g4 b5 11.g5 Nh5 12.Nd5 Bxd5 13.exd5 O-O 14.O-O-O b4 15.Kb1 a5
16.Rg1 a4 17.Nc1 Qa5 18.Rg4 Rfb8 19.Rc4 Nf4 20.Bxf4 exf4 21.h4 Ne5 22.Rxf4 g6
23.Qe1 Qc7 24.Rdd4 b3 25.cxb3 axb3 26.Nxb3 Qa7 27.Ra4 Qxa4 28.Rxa4 Rxa4 29.Nc5 Rd4
30.Nd7 Nxd7 31.Qxe7 Rd1+ 32.Kc2 Rxf1 33.Qxd7 Rf2+ 34.Kc1 Rf1+ 35.Kc2 Rf2+
36.Kc1 Rf1+  1/2-1/2

[Event "Linares NL"]
[Site "Linares"]
[Date "1992.??.??"]
[Round "?"]
[White "Martin del Campo, Roberto"]
[Black "Sunye Neto, Jaime"]
[Result "0-1"]
[WhiteElo "2425"]
[BlackElo "2495"]

1.e4 c5 2.Nf3 d6 3.d4 cxd4 4.Nxd4 Nf6 5.Nc3 a6 6.Be3 e5 7.Nf3 Qc7 8.a4 b6
9.Qd3 Bb7 10.Nd2 Nbd7 11.f3 Be7 12.Nc4 O-O 13.Be2 Rfd8 14.a5 bxa5 15.Nxa5 d5
16.Nxb7 dxe4 17.Nd5 Bb4+ 18.c3 Qxb7 19.fxe4 Bc5 20.O-O Nxd5 21.exd5 Qxb2
22.Bxc5 Nxc5 23.Qe3 Qb6 24.Rxa6 Rxa6 25.Bxa6 Rxd5 26.Bc4 Rd7 27.Kh1 Qc7 28.h4 h6
29.Rf5 Re7 30.g4 Nb7 31.Bd5 Qc5 32.Qxc5 Nxc5 33.Kg2 g6 34.Rf6 Kg7 35.Rc6 Nd3
36.Kf3 e4+  0-1

[Event "Ljubljana op"]
[Site "Ljubljana"]
[Date "1992.??.??"]
[Round "1"]
[White "Marjanovic, Slavoljub"]
[Black "Savon, Vladimir A"]
[Result "0-1"]
[WhiteElo "2470"]
[BlackElo "2440"]

1.e4 c5 2.Nf3 d6 3.d4 cxd4 4.Nxd4 Nf6 5.Nc3 a6 6.Be3 Nc6 7.f3 d5 8.exd5 Nxd5
9.Nxd5 Qxd5 10.Nxc6 bxc6 11.c4 Qxd1+ 12.Rxd1 e5 13.c5 Be6 14.b3 Be7 15.Bd3 f5
16.O-O Kf7 17.Rd2 a5 18.Rc1 Rhd8 19.Kf1 a4 20.Bc4 axb3 21.axb3 Rxd2 22.Bxd2 Ra2
23.Bxe6+ Kxe6 24.Ke1 Rxd2 25.Kxd2 Bg5+ 26.Kc2 Bxc1 27.Kxc1 Kd5  0-1

[Event "Ljubljana op"]
[Site "Ljubljana"]
[Date "1992.??.??"]
[Round "6"]
[White "Grosar, Aljosa"]
[Black "Rashkovsky, Nukhim N"]
[Result "0-1"]
[WhiteElo "2455"]
[BlackElo "2520"]

1.e4 c5 2.Nf3 d6 3.d4 cxd4 4.Nxd4 Nf6 5.Nc3 a6 6.Be3 Ng4 7.Bg5 h6 8.Bh4 g5
9.Bg3 Bg7 10.Be2 h5 11.h4 Nc6 12.Nb3 gxh4 13.Bxh4 Be6 14.Qd2 Qb6 15.Bxg4 hxg4
16.O-O-O a5 17.Nd5 Bxd5 18.exd5 a4 19.dxc6 axb3 20.a3 bxc2 21.Qxc2 Rh5 22.Qe2 Bxb2+
23.Qxb2 Rc5+ 24.Kb1 Rb5 25.Bf6 O-O-O 26.cxb7+ Qxb7 27.Qxb5 Qxb5+ 28.Bb2 Qf5+
29.Ka1 Qxf2 30.Rhf1 Qxg2 31.Rxf7 Qe2 32.Rff1 Kd7 33.Rde1 Qd2 34.Rd1 Qg5 35.Rf7 Rg8
36.Rdf1 Rg6 37.Bc1 Qe5+ 38.Bb2 Qe6 39.R7f4 g3 40.Rb4 g2 41.Rg1 Qe3  0-1

[Event "Manila ol (Women)"]
[Site "Manila"]
[Date "1992.??.??"]
[Round "?"]
[White "Battsetseg, Tuvshintugs"]
[Black "Baginskaite, Kamile"]
[Result "0-1"]
[WhiteElo "2195"]
[BlackElo "2280"]

1.e4 c5 2.Nf3 d6 3.d4 cxd4 4.Nxd4 Nf6 5.Nc3 a6 6.Be3 e5 7.Nb3 Be6 8.Be2 Be7
9.g4 d5 10.exd5 Nxd5 11.Nxd5 Bxd5 12.Bf3 Bxf3 13.Qxf3 Nc6 14.c3 O-O 15.Rg1 a5
16.Nd2 a4 17.g5 a3 18.b3 Qd3 19.Rc1 Rac8 20.Ne4 Nd4 21.Qh5 Qxe4 22.Rg4 Qd3  0-1

[Event "Manila ol (Men)"]
[Site "Manila"]
[Date "1992.??.??"]
[Round "?"]
[White "Grosar, Aljosa"]
[Black "Adianto, Utut"]
[Result "1-0"]
[WhiteElo "2455"]
[BlackElo "2485"]

1.e4 c5 2.Nf3 d6 3.d4 cxd4 4.Nxd4 Nf6 5.Nc3 a6 6.Be3 e5 7.Nb3 Be6 8.f4 exf4
9.Bxf4 Nc6 10.Qd2 Be7 11.O-O-O Ne5 12.Nd4 O-O 13.Nf5 Bxf5 14.exf5 Rc8 15.Be2 b5
16.g4 b4 17.Nd5 Nxd5 18.Qxd5 Qb6 19.Kb1 Rfe8 20.Rhf1 Bf8 21.g5 Qc7 22.Rd2 a5
23.Bb5 Re7 24.Bd3 g6 25.f6 Re6 26.h4 Nxd3 27.Qxd3 Qc4 28.Qxc4 Rxc4 29.b3 Rce4
30.Rd5 Re8 31.Rxa5 Rd4 32.a4 bxa3 33.Rxa3 d5 34.Ra6 Bb4 35.Kb2 Rde4 36.Bd6 Be1
37.Be7 Bxh4 38.Rfa1 Bg3 39.Ra8 Bb8 40.Kc1 h6 41.Kd1 Rh4 42.R1a4 Rh1+ 43.Ke2 Rh2+
44.Kd3 Rh3+ 45.Kd4 Kh7 46.Kxd5 hxg5 47.Bd6 g4 48.Rxb8 Rh5+ 49.Kc6 Re6 50.Rxg4 Rxf6
51.Rf4 Rxf4 52.Bxf4 g5 53.Be5 Kg6 54.b4 g4 55.Rg8+ Kf5 56.Bd6 Rh3 57.c4 Rd3
58.b5 Ke6 59.Re8+  1-0

[Event "Manila ol (Women)"]
[Site "Manila"]
[Date "1992.??.??"]
[Round "?"]
[White "Skuinia, Guna"]
[Black "Peptan, Corina"]
[Result "1-0"]
[WhiteElo "2080"]
[BlackElo "2115"]

1.e4 c5 2.Nf3 d6 3.d4 cxd4 4.Nxd4 Nf6 5.Nc3 a6 6.Be3 e5 7.Nb3 Be6 8.f4 Ng4
9.Bd2 Qb6 10.Qf3 exf4 11.Qxf4 Ne5 12.O-O-O Be7 13.Be3 Qc7 14.Nd4 O-O 15.Nf5 Re8
16.Nxe7+ Qxe7 17.Bb6 Nbc6 18.Nd5 Bxd5 19.exd5 Ng6 20.Qg3 Nce5 21.h4 h6 22.Kb1 Rac8
23.b3 Nd7 24.Bd4 Qe4 25.Qf2 Nde5 26.h5 Ng4 27.Qd2 N6e5 28.Bb6 Nf6 29.Rh3 Ned7
30.Bg1 Qe5 31.Bh2 Ne4 32.Bxe5 Nxd2+ 33.Rxd2 Rxe5 34.Be2 Rce8 35.Bf3 Re1+
36.Kb2 f5 37.Rh4 Kf7 38.Rb4 b5 39.a4 bxa4 40.Rxa4 Nc5 41.Ra5 Rb8 42.Rf2 Kf6
43.Kc3 Re3+ 44.Kd2 Rexb3 45.Rxc5 Rxf3 46.Rxf3 dxc5 47.g4 a5 48.Rxf5+ Ke7
49.g5 hxg5 50.Rxg5 Kf7 51.Kc3 a4 52.Rg4 Ra8 53.Kb2 a3+ 54.Ka2 Kf6 55.Rg6+ Ke5
56.Rxg7 Kxd5 57.Rg3 Rh8 58.Rh3 Rh6 59.Rh4 c4 60.Kxa3 Kc5 61.Ka2 Kb5 62.Kb1 Kc5
63.Kc1  1-0

[Event "Manila ol (Women)"]
[Site "Manila"]
[Date "1992.??.??"]
[Round "?"]
[White "Madl, Ildiko"]
[Black "Sakhatova, Elvira"]
[Result "1/2-1/2"]
[WhiteElo "2375"]
[BlackElo "2365"]

1.e4 c5 2.Nf3 d6 3.d4 cxd4 4.Nxd4 Nf6 5.Nc3 a6 6.Be3 e5 7.Nf3 Be7 8.Bc4 O-O
9.O-O Nc6 10.Bb3 Bd7 11.Qe2 Rc8 12.Rfd1 h6 13.Nd2 b5 14.a4 Nd4 15.Qd3 Nxb3
16.cxb3 Rb8 17.axb5 axb5 18.b4 Rb7 19.Ra5 Qb8 20.Rda1 Rc8 21.h3 d5 22.exd5 Bxb4
23.Ra6 Bf8 24.Rxf6 gxf6 25.Nde4 f5 26.Nf6+ Kh8 27.Nxd7 Rxd7 28.Qxf5 Rcd8
29.Qh5 Qd6 30.Nxb5 Qg6 31.Qxe5+ Bg7 32.Qf4 Rxd5 33.Nc3 R5d7 34.Re1 Rb7 35.Qh4 Rg8
36.Ne2 Rxb2 37.Ng3 Rb5 38.Bd4 Rg5 39.Bxg7+ Qxg7 40.Qf4 Kh7 41.Re7 Rf8 42.Qf3 Qg6  1/2-1/2

[Event "Manila ol (Women)"]
[Site "Manila"]
[Date "1992.??.??"]
[Round "?"]
[White "Khalafian, Erua"]
[Black "Wang Pin"]
[Result "1-0"]
[WhiteElo "2140"]
[BlackElo "2345"]

1.e4 c5 2.Nf3 d6 3.d4 cxd4 4.Nxd4 Nf6 5.Nc3 a6 6.Be3 e6 7.f3 Be7 8.Qd2 Nc6
9.g4 O-O 10.O-O-O Nd7 11.Kb1 Nde5 12.Qg2 Qc7 13.f4 Nxd4 14.Bxd4 Nc6 15.Be3 b5
16.g5 Rb8 17.h4 b4 18.Ne2 Bb7 19.h5 f5 20.gxf6 Bxf6 21.h6 g6 22.Qg4 Rfe8
23.Ng3 Na5 24.Rh2 Bxb2 25.Kxb2 Qc3+ 26.Kb1 b3 27.cxb3 Qxe3 28.Bd3 Bc6 29.Re2 Qd4
30.Rb2 Qf6 31.f5 exf5 32.exf5 Kh8 33.fxg6 hxg6 34.Rf1 Qc3 35.Qxg6 Re1+ 36.Rxe1 Qxe1+
37.Kc2 Qf2+ 38.Ne2 Rb7 39.Kb1 Qf8 40.Nd4 Be8 41.Qg5 Nc6 42.Nxc6 Bxc6 43.Qe3 Re7
44.Rf2 Qd8 45.Qd4+ Re5 46.Rf7  1-0

[Event "Manila ol (Men)"]
[Site "Manila"]
[Date "1992.??.??"]
[Round "?"]
[White "Ernst, Thomas"]
[Black "Stohl, Igor"]
[Result "1/2-1/2"]
[WhiteElo "2535"]
[BlackElo "2560"]

1.e4 c5 2.Nf3 d6 3.d4 cxd4 4.Nxd4 Nf6 5.Nc3 a6 6.Be3 e6 7.Qd2 b5 8.f3 Nbd7
9.g4 h6 10.O-O-O Bb7 11.h4 b4 12.Nce2 d5 13.Bh3 Ne5 14.g5 Nc4 15.Qd3 Qa5
16.Kb1 Nd7 17.g6 Nc5 18.gxf7+ Kxf7 19.Bxe6+ Ke8 20.Nb3 Nxd3 21.Nxa5 Ndxb2
22.Nxb7 Nxd1 23.Bd4 Nc3+ 24.Nxc3 bxc3 25.Bxd5 Rb8 26.Bxc4 Rxb7+ 27.Bb3 Bd6
28.Rd1 Rf8 29.Rd3 Rf4 30.Bxc3 Bb4 31.Bd5 Rb6 32.Bb2 Rxh4 33.a3 Be7 34.Ka2 Rh2
35.Bb3 g5 36.Bd4 Rd6 37.e5 Rd8 38.e6 Re2 39.Kb1 h5 40.Ba4+ Kf8 41.Bd7 Rb8+
42.Kc1 Re1+ 43.Kd2 Rbb1 44.c4 Rbd1+ 45.Kc2 Rxd3 46.Kxd3 Bxa3 47.c5 Ke7 48.c6 Rxe6
49.Bxe6 Kxe6 50.Be3 Kd6 51.Bxg5 Kxc6 52.Ke4 a5 53.Bf6 a4 54.f4 Bc1 55.Be7 Kd7
56.Bb4 h4 57.f5 Bg5 58.Ba3 Bf6 59.Kf4 Kc6 60.Kg4 Kd5 61.Kh3 Ke5 62.Kg4 Ke4
63.Bb4 h3 64.Kxh3 Kxf5 65.Kg3 Ke6 66.Kf3  1/2-1/2

[Event "Manila ol (Men)"]
[Site "Manila"]
[Date "1992.??.??"]
[Round "?"]
[White "Zagrebelny, Sergey"]
[Black "Gruenfeld, Yehuda"]
[Result "1-0"]
[WhiteElo "2440"]
[BlackElo "2510"]

1.e4 c5 2.Nf3 d6 3.d4 cxd4 4.Nxd4 Nf6 5.Nc3 a6 6.Be3 e5 7.Nf3 Qc7 8.a4 h6
9.a5 Be7 10.Bb6 Qc6 11.Nd5 Nxd5 12.exd5 Qd7 13.Be2 O-O 14.O-O Bd8 15.Qd2 Qe7
16.Bxd8 Rxd8 17.c4 Bg4 18.Nd4 Bxe2 19.Qxe2 Qf6 20.Nc2 Nd7 21.Ra3 Rac8 22.Rd1 Qf4
23.Rc3 g6 24.b4 b5 25.Ne3 e4 26.c5 dxc5 27.d6 Qe5 28.Qc2 c4 29.Rxc4 Rxc4
30.Qxc4  1-0

[Event "Manila ol (Men)"]
[Site "Manila"]
[Date "1992.??.??"]
[Round "?"]
[White "Kotronias, Vasilios"]
[Black "Bouaziz, Slim"]
[Result "1-0"]
[WhiteElo "2560"]
[BlackElo "2385"]

1.e4 c5 2.Nf3 d6 3.d4 cxd4 4.Nxd4 Nf6 5.Nc3 a6 6.Be3 e5 7.Nf3 h6 8.Bc4 Be7
9.O-O O-O 10.Nh4 Qc7 11.Bb3 Be6 12.Qf3 Nc6 13.Nf5 Bxf5 14.Qxf5 Na5 15.Nd5 Nxd5
16.Bxd5 Nc4 17.Bxh6 Nb6 18.Qg4 Bf6 19.Bb3 a5 20.a4 Nc4 21.Bc1 Ra6 22.Rd1 Rc6
23.Rd3 Qc8 24.Qe2 Qe6 25.Rd5 Rfc8 26.c3 Bd8 27.Qd3 Be7 28.Rxa5 Nxb2 29.Bxe6 Nxd3
30.Bxc8 Rxc8 31.Be3 Rxc3 32.Rb5 Rc7 33.Rab1 Rc4 34.Rxb7 Bf6 35.Ra1 d5 36.a5 d4
37.Bd2 Nc5 38.Rb8+ Kh7 39.Rc8 Bd8 40.Rc1 Rxc1+ 41.Bxc1 Be7 42.Rc7 Bd6 43.a6 d3
44.a7 d2  1-0

[Event "Manila ol (Men)"]
[Site "Manila"]
[Date "1992.??.??"]
[Round "?"]
[White "Klovans, Janis"]
[Black "Nasybullin, Vladislav"]
[Result "1/2-1/2"]
[WhiteElo "2410"]
[BlackElo "2330"]

1.e4 c5 2.Nf3 d6 3.d4 Nf6 4.Nc3 cxd4 5.Nxd4 a6 6.Be3 e5 7.Nb3 Be7 8.f4 O-O
9.Be2 Nbd7 10.g4 exf4 11.Bxf4 Ne8 12.O-O Bg5 13.Qd2 Bxf4 14.Qxf4 Ne5 15.Rad1 Nc7
16.Qg3 Qe7 17.Nd4 Bd7 18.Nf5 Bxf5 19.exf5 f6 20.Rfe1 Kh8 21.Bf3 Rab8 22.Bg2 b5
23.Ne2 d5 24.Nf4 Qb4 25.b3 Rfe8 26.h3 Rbd8 27.Kh2 Qc5 28.Rd2 b4 29.Rde2 d4
30.Nd3 Nxd3 31.cxd3 Rxe2 32.Rxe2 Nb5 33.Qe1  1/2-1/2

[Event "Melitopol Cup (Women)"]
[Site "Melitopol"]
[Date "1992.??.??"]
[Round "7"]
[White "Nepeina Leconte, Maria"]
[Black "Tsiganova, Monika"]
[Result "0-1"]
[WhiteElo "2245"]
[BlackElo "2265"]

1.e4 c5 2.Nf3 d6 3.d4 cxd4 4.Nxd4 Nf6 5.Nc3 a6 6.Be3 e5 7.Nf3 Be6 8.Bg5 Nbd7
9.Nd2 Qc7 10.Qf3 Be7 11.Bd3 O-O 12.O-O h6 13.Bxf6 Nxf6 14.Rfe1 Rad8 15.Nf1 Rfe8
16.Ne3 Bf8 17.h4 Qc8 18.h5 Nh7 19.Qe2 Rd7 20.Ncd5 Qd8 21.b4 Qh4 22.b5 g6
23.bxa6 bxa6 24.Bxa6 Ra7 25.hxg6 fxg6 26.f3 h5 27.Bb5 Rc8 28.a4 Rf7 29.a5 Ng5
30.a6 Qg3 31.Rf1 Bh6 32.Bc6 Rxc6 33.a7 Rc8 34.a8=Q Rxa8 35.Rxa8+ Kg7 36.c4 h4
37.Kh1 h3 38.gxh3 Bxh3 39.Qf2 Nxe4 40.Qe2 Bxf1  0-1